| 000 | 00415nas a22001457a 4500 | ||
|---|---|---|---|
| 008 | 130219t19939999bl ||||| |||| 00| 0 por d | ||
| 022 | _a0104-0804 | ||
| 245 | _aCuadernos de Bioética | ||
| 260 |
_aMinas Gerais: _bPontifícia Universidade Católica de Minas Gerais, _c1993 |
||
| 300 | _av. : | ||
| 546 | _aportugués | ||
| 590 | _a1993 (2); 1995 (3) Archivo caja 17 | ||
| 650 |
_aBIOETICA _91891 |
||
| 942 |
_2ddc _cCR |
||
| 999 |
_c1160 _d1160 |
||